| 000 | 01080ngm a22003130a 4500 | ||
|---|---|---|---|
| 001 | PT15532 | ||
| 003 | AR-LpoUNG | ||
| 005 | 20210202000158.0 | ||
| 007 | vd cvaizq | ||
| 008 | 191001s1974||||ag |||||||||||||||||spa d | ||
| 037 | _c$6.6 | ||
| 040 |
_aAR-LpoUNG _bspa _cAR-LpoUNG _eaacr |
||
| 041 | _aspa | ||
| 044 | _aag | ||
| 082 | 0 | _a302.01 393tre | |
| 100 | 1 |
_aRenan, Sergio _edir. |
|
| 245 | 1 | 3 | _aLa tregua |
| 260 |
_aBuenos Aires : _bVideo Star, _c[1 de agosto 1974]. |
||
| 300 | _aVHS (108 min.) : son., col. | ||
| 505 | 0 | _aMúsica: Julian Plaza ; fotografía: Juan Carlos Desanzo. | |
| 520 | _aAlterio personifica a un hombre que enviudó hace ya varios y que a pesar de vivir con sus hijos, experimenta una gran soledad espiritual. El ingreso a su oficina de una nueva compañera de trabajo, joven y bonita le obliga replantearse su vida, llegando a un desenlace de hondo contenido dramático. | ||
| 650 | 4 | _aFAMILIA | |
| 650 | 4 | _aMATRIMONIO | |
| 650 | 4 | _aPERSONAS | |
| 650 | 4 | _aVALORES SOCIALES | |
| 653 | _aVIDEOS | ||
| 905 | _a15532 | ||
| 942 | _cVIDEO | ||
| 999 |
_c54263 _d54263 |
||